[Event "Championnat de France Petit-Poussins"]
[Site "CALVI"]
[Date "????.??.??"]
[Round "3.5"]
[White "Pruvot, Louis"]
[Black "Pogu, Thomas"]
[Result "1-0"]
[WhiteElo "1490"]
[BlackElo "1009"]
[PlyCount "47"]
[EventDate "2005.??.??"]
[SourceDate "2005.04.17"]

1. e4 e5 2. Nf3 Nc6 3. d4 Nxd4 4. Nxd4 exd4 5. Qxd4 Be7 6. Qxg7 Bf6 7. Qg3 b6
8. Nc3 d6 9. Bb5+ Bd7 10. Bxd7+ Qxd7 11. Nd5 Be5 12. Qd3 Nf6 13. O-O c5 14. c3
b5 15. f4 c4 16. Qh3 Qxh3 17. gxh3 Nd7 18. Nc7+ Ke7 19. Nxa8 Rxa8 20. fxe5 dxe5
21. Rf5 h6 22. Rh5 a6 23. Rxh6 f6 24. Rh7+ 1-0

[Event "Championnat de France Petit-Poussins"]
[Site "CALVI"]
[Date "????.??.??"]
[Round "4.1"]
[White "Purenne, Benoit"]
[Black "Bellahcene, Bilel"]
[Result "0-1"]
[WhiteElo "1460"]
[BlackElo "1630"]
[PlyCount "88"]
[EventDate "2005.??.??"]
[SourceDate "2005.04.17"]

1. c4 c5 2. g3 g6 3. Bg2 Bg7 4. e3 e6 5. Ne2 d5 6. cxd5 exd5 7. O-O Nf6 8. Qc2
Nbd7 9. Qc3 O-O 10. d4 Ne4 11. Qd3 c4 12. Qc2 Ndf6 13. b4 Bf5 14. Qd1 Rc8 15.
Bb2 Qb6 16. a3 a5 17. Qa4 axb4 18. Qxb4 Qxb4 19. axb4 Ra8 20. Nbc3 Be6 21. Nb5
Nd2 22. Rfd1 Nb3 23. Rab1 Ra4 24. Bc3 Bf5 25. Rb2 Ne4 26. h4 Nxc3 27. Nexc3
Rxb4 28. Bxd5 Rd8 29. Kh2 Rxd5 30. Nxd5 Rxb5 31. Ne7+ Kf8 32. Nxf5 gxf5 33. Rc1
Nxc1 34. Rxb5 Nd3 35. Rxb7 Nxf2 36. d5 Ng4+ 37. Kh3 Be5 38. e4 Nf2+ 39. Kg2
Nxe4 40. Rb5 Bxg3 41. Rb4 c3 42. Kf3 c2 43. Ke3 c1=Q+ 44. Kd4 Qc3# 0-1

[Event "Championnat de France Petit-Poussins"]
[Site "CALVI"]
[Date "????.??.??"]
[Round "4.2"]
[White "Getti, Gaetan"]
[Black "Lamard, Guillaume"]
[Result "0-1"]
[WhiteElo "1009"]
[BlackElo "1570"]
[PlyCount "92"]
[EventDate "2005.??.??"]
[SourceDate "2005.04.17"]

1. d4 Nf6 2. c4 c5 3. d5 b5 4. cxb5 a6 5. bxa6 Bxa6 6. g3 Bb7 7. Bg2 e6 8. Nc3
c4 9. a3 Bb4 10. Bg5 Qa5 11. Qd2 Nxd5 12. Rc1 Bxc3 13. bxc3 Qxa3 14. Bf4 Na6
15. Nh3 Nc5 16. O-O Nb3 17. Qc2 Nxc1 18. Bxc1 Qb3 19. Qxb3 cxb3 20. Bb2 Ra2 21.
Rb1 Ba6 22. Bxd5 exd5 23. Kg2 Bxe2 24. Nf4 Bc4 25. Ra1 Rxa1 26. Bxa1 O-O 27.
Kf3 Ra8 28. Bb2 Ra2 29. Bc1 b2 30. Bxb2 Rxb2 31. Ke3 Rc2 32. Kd4 Rxf2 33. Nxd5
Bxd5 34. Kxd5 Rxh2 35. c4 Rh3 36. g4 Rc3 37. c5 f6 38. Kd6 Rxc5 39. Kxc5 Kf7
40. Kd6 Kg6 41. Kxd7 f5 42. gxf5+ Kxf5 43. Kd6 g5 44. Kd5 g4 45. Kd4 Kf4 46.
Kd3 Kf3 0-1

[Event "Championnat de France Petit-Poussins"]
[Site "CALVI"]
[Date "????.??.??"]
[Round "4.3"]
[White "Kohi, Armand"]
[Black "Pruvot, Louis"]
[Result "0-1"]
[WhiteElo "1530"]
[BlackElo "1490"]
[PlyCount "120"]
[EventDate "2005.??.??"]
[SourceDate "2005.04.17"]

1. d4 d5 2. c4 e6 3. Nc3 c6 4. Nf3 dxc4 5. e4 b5 6. a4 Bb4 7. Bd2 Bxc3 8. Bxc3
a6 9. Ne5 Nf6 10. Qf3 Bb7 11. Nxf7 Kxf7 12. e5 Qd5 13. exf6 Qxf3 14. gxf3 gxf6
15. a5 Nd7 16. Rg1 Rhg8 17. Rg3 c5 18. dxc5 Nxc5 19. Rxg8 Rxg8 20. Ke2 Rg5 21.
Rd1 Rd5 22. Rb1 Rf5 23. Bg2 Nd3 24. Bd2 Ne5 25. Rc1 Bxf3+ 26. Bxf3 Rxf3 27. Be3
Rh3 28. Rd1 Nd3 29. b3 Rh5 30. Bd2 Rd5 31. bxc4 bxc4 32. Bc3 Nf4+ 33. Ke1 Rxd1+
34. Kxd1 e5 35. Kd2 Ke6 36. Ke3 Nd5+ 37. Kd2 Nxc3 38. Kxc3 Kd5 39. f3 h5 40. h4
f5 41. Kc2 e4 42. f4 Kd4 43. Kd2 c3+ 44. Ke2 c2 45. Kd2 c1=Q+ 46. Kxc1 Ke3 47.
Kd1 Kf2 48. Kd2 e3+ 49. Kd3 e2 50. Kd4 e1=Q 51. Kd5 Kf3 52. Kd6 Kxf4 53. Kd7
Qxa5 54. Kd6 Ke4 55. Ke6 Qe5+ 56. Kf7 Qd6 57. Kg8 Qe7 58. Kh8 Ke5 59. Kg8 Kf6
60. Kh8 Qg7# 0-1

[Event "Championnat de France Petit-Poussins"]
[Site "CALVI"]
[Date "????.??.??"]
[Round "4.4"]
[White "Fleurquin, Bryan"]
[Black "Leheu, Quentin"]
[Result "1-0"]
[WhiteElo "1600"]
[BlackElo "1250"]
[PlyCount "97"]
[EventDate "2005.??.??"]
[SourceDate "2005.04.17"]

1. e4 e5 2. Nf3 Nc6 3. Bb5 Bc5 4. Bxc6 dxc6 5. Nxe5 Nf6 6. Nd3 b6 7. Nxc5 bxc5
8. Nc3 Ba6 9. e5 Nd5 10. Qf3 O-O 11. d3 Re8 12. Qg3 Nxc3 13. Bh6 Kf8 14. Bxg7+
Ke7 15. Bf6+ Kd7 16. Bxd8 Kxd8 17. bxc3 f6 18. Qh4 Rxe5+ 19. Kd1 Re6 20. Qxh7
c4 21. Qg8+ Re8 22. Qg6 Re6 23. f4 cxd3 24. cxd3 Bxd3 25. Qxd3+ Rd6 26. Kc2
Rxd3 27. Kxd3 Rb8 28. h4 Kd7 29. h5 Ke6 30. h6 Kf7 31. h7 Kg7 32. Rae1 Rh8 33.
Re7+ Kg6 34. Rxc7 a5 35. Rxc6 Rxh7 36. Rxh7 Kxh7 37. Rxf6 Kg7 38. Rd6 Kf7 39.
Ke4 Ke7 40. Ke5 a4 41. a3 Kf7 42. Re6 Kg7 43. Rf6 Kh7 44. Kf5 Kg7 45. Kg5 Kh7
46. Rg6 Kh8 47. Kf6 Kh7 48. Kf7 Kh8 49. Rh6# 1-0

[Event "Championnat de France Petit-Poussins"]
[Site "CALVI"]
[Date "????.??.??"]
[Round "4.5"]
[White "Viennot, Dylan"]
[Black "Eid, Amine"]
[Result "1-0"]
[WhiteElo "1250"]
[BlackElo "1510"]
[PlyCount "71"]
[EventDate "2005.??.??"]
[SourceDate "2005.04.17"]

1. e4 c5 2. Bb5 a6 3. Bc4 g6 4. Qf3 e6 5. c3 Nc6 6. Ne2 Bg7 7. d3 Nge7 8. Be3
d6 9. d4 cxd4 10. cxd4 b5 11. Bb3 O-O 12. d5 Ne5 13. Qg3 Nd3+ 14. Kd2 Nxb2 15.
Kc2 Qc7+ 16. Nec3 Bxc3 17. Nxc3 Qxc3+ 18. Kxc3 Rd8 19. Kxb2 e5 20. Bb6 Rd7 21.
Rac1 Bb7 22. Rc7 Bc8 23. Rxd7 Bxd7 24. Bc7 Nc8 25. Qg5 Be8 26. Qd8 Kg7 27. Qxe8
a5 28. Bxd6 f6 29. Rc1 Nb6 30. Qe7+ Kh6 31. Qxf6 a4 32. Bxe5 Kh5 33. Bf4 h6 34.
h3 g5 35. g4+ Kh4 36. Qxh6# 1-0

[Event "Championnat de France Poussins"]
[Site "CALVI"]
[Date "????.??.??"]
[Round "3.1"]
[White "Moussard, Jules"]
[Black "Martin, Damien"]
[Result "1-0"]
[WhiteElo "2030"]
[BlackElo "1580"]
[PlyCount "65"]
[EventDate "2005.??.??"]
[SourceDate "2005.04.17"]

1. e4 c5 2. Nf3 d6 3. d4 cxd4 4. Nxd4 Nf6 5. Nc3 a6 6. f3 e6 7. Be3 Be7 8. g4
Qc7 9. Qd2 b5 10. O-O-O Bb7 11. h4 Nc6 12. g5 Nd7 13. h5 Nce5 14. Be2 Nc4 15.
Bxc4 Qxc4 16. g6 fxg6 17. hxg6 h6 18. b3 Qc7 19. Nxe6 Qc6 20. Nxg7+ Kd8 21.
Ne6+ Ke8 22. Nd5 Rc8 23. Nd4 Qc5 24. Nxe7 Rd8 25. g7 Kf7 26. gxh8=B Rxh8 27.
Ndf5 Qa3+ 28. Kb1 Nf6 29. Rdg1 Rh7 30. Rxh6 Rxh6 31. Rg7+ Ke8 32. Nxd6+ Kf8 33.
Rf7# 1-0

[Event "Championnat de France Poussins"]
[Site "CALVI"]
[Date "????.??.??"]
[Round "3.2"]
[White "Kirk, Ezra"]
[Black "Cabanes, Kim"]
[Result "0-1"]
[WhiteElo "1590"]
[BlackElo "1830"]
[PlyCount "134"]
[EventDate "2005.??.??"]
[SourceDate "2005.04.17"]

1. d4 c6 2. c4 d5 3. Nf3 Nf6 4. Qc2 g6 5. Bf4 Bf5 6. Qb3 Qd7 7. Ne5 Qc8 8. Nc3
e6 9. e3 Nbd7 10. Be2 Bg7 11. O-O O-O 12. Rac1 Nxe5 13. Bxe5 Qd7 14. Rfd1 b6
15. f3 h5 16. c5 b5 17. Bd6 Rfd8 18. Nxb5 Ne8 19. Nc3 Nxd6 20. cxd6 Qxd6 21. e4
dxe4 22. fxe4 Bxd4+ 23. Kh1 Bg4 24. Bxg4 hxg4 25. Ne2 e5 26. Rf1 Qc7 27. h3
gxh3 28. Qxh3 Qc8 29. Qb3 Rf8 30. Rf6 Qg4 31. Rcxc6 Qh4+ 32. Qh3 Qxh3+ 33. gxh3
Bxb2 34. Rc2 Rab8 35. Ng3 Bd4 36. Ra6 Kg7 37. Kg2 Rfc8 38. Rxc8 Rxc8 39. Kf3
Rc3+ 40. Kg4 Bf2 41. Nf1 Rc1 42. Nh2 Rc3 43. Nf3 Rc4 44. Nxe5 Rxe4+ 45. Kf3
Rxe5 46. Kxf2 Re7 47. a3 f6 48. h4 Rf7 49. Ra4 Kh6 50. Kg3 Kh5 51. Rb4 Rd7 52.
Rb8 Rd3+ 53. Kf4 Rd4+ 54. Kg3 Rg4+ 55. Kh3 Rxh4+ 56. Kg3 Ra4 57. Rb3 Kg5 58.
Rb5+ f5 59. Rb3 Rc4 60. Rf3 Rg4+ 61. Kh3 Rh4+ 62. Kg3 f4+ 63. Kg2 Kg4 64. Rb3
Rh7 65. Rb4 Rc7 66. Rb2 Rc3 67. Ra2 f3+ 0-1

[Event "Championnat de France Poussins"]
[Site "CALVI"]
[Date "????.??.??"]
[Round "3.3"]
[White "Neri, Jean-Baptiste"]
[Black "Giroyan, Gary"]
[Result "1-0"]
[WhiteElo "1560"]
[BlackElo "1730"]
[PlyCount "117"]
[EventDate "2005.??.??"]
[SourceDate "2005.04.17"]

1. e4 c5 2. Nf3 d6 3. d4 cxd4 4. Nxd4 Nf6 5. Nc3 a6 6. Be2 e5 7. Nf3 Be7 8. O-O
O-O 9. Bg5 Be6 10. Bxf6 Bxf6 11. Nd5 Bxd5 12. Qxd5 Nc6 13. Rfd1 Be7 14. a3 Rc8
15. c3 Qb6 16. b4 Rfd8 17. Bc4 Rf8 18. Ba2 Na7 19. c4 Qc6 20. Qxc6 Rxc6 21.
Rac1 Rfc8 22. Rd5 Nb5 23. a4 Na3 24. Nd2 Bg5 25. h3 h6 26. Rc3 Bxd2 27. Rxd2
Nxc4 28. Rdc2 Na5 29. Rxc6 Rxc6 30. Rd2 Nc4 31. Rc2 Nb6 32. Rxc6 bxc6 33. a5
Nd7 34. Bc4 Nb8 35. Kf1 Kf8 36. Ke2 Ke7 37. Ke3 Kf6 38. f4 Ke7 $11 39. fxe5
dxe5 40. Kf3 h5 41. g4 h4 42. g5 f6 43. g6 f5 44. exf5 Kf6 45. Ke4 Nd7 $11 46.
Bxa6 c5 47. b5 c4 48. b6 c3 49. Ke3 e4 50. Bc8 Nc5 51. b7 Na6 52. Be6 Nb8 53.
Bc4 $11 Kxf5 54. a6 c2 55. Kd2 Nc6 56. b8=Q Nxb8 57. a7 Nc6 58. a8=Q Nb4 59.
Qa5+ 1-0

[Event "Championnat de France Poussins"]
[Site "CALVI"]
[Date "????.??.??"]
[Round "3.4"]
[White "Stephan, Paul"]
[Black "Barbaras, Mathieu"]
[Result "0-1"]
[WhiteElo "1560"]
[BlackElo "1670"]
[PlyCount "96"]
[EventDate "2005.??.??"]
[SourceDate "2005.04.17"]

1. e4 d6 2. Nf3 Nf6 3. Nc3 Bg4 4. d4 g6 5. h3 Bxf3 6. Qxf3 Nc6 7. d5 Nb4 8. Bd3
Bg7 9. O-O Qd7 10. Bb5 c6 11. dxc6 bxc6 12. Ba4 O-O 13. Bf4 e5 14. Bg5 Ne8 15.
a3 Na6 16. Rad1 Nc5 17. Bb3 Rb8 18. Ne2 Qb7 19. Bc4 Qxb2 20. Be7 Qxc2 21. Bxf8
Qxc4 22. Bxg7 Kxg7 23. Ng3 Rb3 24. Qe2 Qxe2 25. Nxe2 Nxe4 26. Ra1 Nc7 27. Rfb1
Rxb1+ 28. Rxb1 Nb5 29. a4 Nbc3 30. Nxc3 Nxc3 31. Ra1 d5 32. a5 e4 33. f3 f5 34.
fxe4 fxe4 35. Kf2 d4 36. Kg3 g5 37. h4 gxh4+ 38. Kf4 Kf6 39. Rf1 Ke6 40. Kg4 e3
41. Kf3 Ke5 42. Rb1 e2 43. Rh1 c5 44. Kf2 Ke4 45. Rxh4+ Kd3 46. Rh1 Kc2 47. Ke1
d3 48. Kf2 d2 0-1

[Event "Championnat de France Poussins"]
[Site "CALVI"]
[Date "????.??.??"]
[Round "3.5"]
[White "Rakotoniaina, Erwin"]
[Black "Loiseau, Quentin"]
[Result "0-1"]
[WhiteElo "1550"]
[BlackElo "1660"]
[PlyCount "122"]
[EventDate "2005.??.??"]
[SourceDate "2005.04.17"]

1. e4 c5 2. Nf3 Nc6 3. d4 cxd4 4. Nxd4 e5 5. Nb3 Nf6 6. Nc3 Bb4 7. Bd3 d5 8.
exd5 Nxd5 9. Bd2 Bxc3 10. Bxc3 Nxc3 11. bxc3 O-O 12. O-O f5 13. f4 e4 14. Bc4+
Kh8 15. Qh5 Qf6 16. Qh3 Be6 17. Bxe6 Qxe6 18. Qe3 Rac8 19. Rf3 Qf6 20. Rh3 b6
21. a3 Ne7 22. Rd1 Rfd8 23. Rxd8+ Rxd8 24. Qe2 Nd5 25. Nd4 Nxf4 26. Qe3 Nxh3+
27. Qxh3 Rxd4 28. cxd4 Qxd4+ 29. Kf1 Qd1+ 30. Kf2 Qxc2+ 31. Ke1 Qb1+ 32. Kf2
Qc2+ 33. Ke1 Qc5 34. Qh5 g6 35. Qh6 Qxa3 36. Ke2 Qd3+ 37. Ke1 Qc3+ 38. Kf2 Qg7
39. Qg5 Qf8 40. Qf4 Kg8 41. Qd2 Qc5+ 42. Ke1 Qg1+ 43. Ke2 Qxg2+ 44. Kd1 Qxd2+
45. Kxd2 a5 46. h4 f4 47. h5 g5 48. h6 e3+ 49. Ke2 a4 50. Kf3 a3 51. Ke4 e2 52.
Kf5 e1=Q 53. Kg4 Qg3+ 54. Kf5 a2 55. Kf6 a1=Q+ 56. Ke7 Qe3+ 57. Kd6 Qad4+ 58.
Kc6 Qe6+ 59. Kb7 Qdd5+ 60. Ka6 Qc8+ 61. Ka7 Qcb7# 0-1

[Event "Championnat de France Poussins"]
[Site "CALVI"]
[Date "????.??.??"]
[Round "4.1"]
[White "Loiseau, Quentin"]
[Black "Moussard, Jules"]
[Result "0-1"]
[WhiteElo "1660"]
[BlackElo "2030"]
[PlyCount "84"]
[EventDate "2005.??.??"]
[SourceDate "2005.04.17"]

1. e4 c5 2. Nc3 Nc6 3. f4 g6 4. Nf3 Bg7 5. g3 e6 6. Bg2 Nge7 7. O-O O-O 8. d3
d5 9. Ne2 b6 10. h3 Ba6 11. Bd2 Bxb2 12. Rb1 Bg7 13. Rf2 Rc8 14. Bf1 dxe4 15.
dxe4 Bxe2 16. Bxe2 Nd4 17. Rg2 Nec6 18. c3 Nxe2+ 19. Qxe2 Qd7 20. g4 Rfd8 21.
Rf1 Qd3 22. Qe1 Na5 23. f5 Nc4 24. Bg5 Bxc3 25. Qh4 Ne3 26. Bxe3 Qxe3+ 27. Kh1
Bg7 28. fxg6 fxg6 29. Ng5 h6 30. Nxe6 Rd7 31. Nxg7 Kxg7 32. Qf6+ Kh7 33. Qe6
Qxh3+ 34. Kg1 Qe3+ 35. Kh1 Rcc7 36. Kh2 Re7 37. Qf6 Qxe4 38. g5 Qe5+ 39. Rg3
Qxf6 40. Rxf6 Re2+ 41. Kg1 hxg5 42. Rxg5 Rd7 0-1

[Event "Championnat de France Poussins"]
[Site "CALVI"]
[Date "????.??.??"]
[Round "4.2"]
[White "Cabanes, Kim"]
[Black "Chen, Tony"]
[Result "1-0"]
[WhiteElo "1830"]
[BlackElo "1630"]
[PlyCount "91"]
[EventDate "2005.??.??"]
[SourceDate "2005.04.17"]

1. e4 c5 2. Nf3 Nc6 3. d4 cxd4 4. Nxd4 e5 5. Nb5 d6 6. a4 a6 7. N5a3 Nf6 8. Nc3
Be7 9. Bg5 Be6 10. Bxf6 Bxf6 11. Bc4 Qd7 12. O-O O-O 13. Nd5 Bxd5 14. Bxd5 Rab8
15. c3 Ne7 16. Nc2 Nxd5 17. Qxd5 Qe6 18. Qd3 Be7 19. Ne3 Rfd8 20. Nd5 Qd7 21.
Qg3 b5 22. a5 Kh8 23. f4 Rf8 24. fxe5 dxe5 25. Qxe5 Rbe8 26. Qc7 Qe6 27. Rae1
Bd6 28. Qb6 Rc8 29. Kh1 Qh6 30. h3 Ra8 31. e5 Bb8 32. Qxh6 gxh6 33. Rf6 Kg7 34.
Nf4 Re8 35. Nh5+ Kf8 36. e6 Re7 37. Ref1 Raa7 38. Rxh6 Kg8 39. exf7+ Rxf7 40.
Rxf7 Rxf7 41. g3 Rf2 42. Rxa6 Bc7 43. Ra8+ Rf8 44. Nf6+ Kf7 45. Rxf8+ Kxf8 46.
a6 1-0

[Event "Championnat de France Poussins"]
[Site "CALVI"]
[Date "????.??.??"]
[Round "4.3"]
[White "Barbaras, Mathieu"]
[Black "Neri, Jean-Baptiste"]
[Result "0-1"]
[WhiteElo "1670"]
[BlackElo "1560"]
[PlyCount "88"]
[EventDate "2005.??.??"]
[SourceDate "2005.04.17"]

1. e4 e6 2. d4 d5 3. e5 c5 4. c3 Qb6 5. Nf3 Nc6 6. b3 cxd4 7. cxd4 Bb4+ 8. Bd2
Bxd2+ 9. Qxd2 Nh6 10. Na3 a6 11. Nc2 Bd7 12. Be2 Rc8 13. O-O O-O 14. Ng5 Nf5
15. Rfd1 h6 16. Nf3 Nce7 17. Ne3 Nxe3 18. Qxe3 Nf5 19. Qf4 Bb5 20. Bxb5 Qxb5
21. Qg4 Rc2 22. Ne1 Re2 23. Nd3 Re4 24. a4 Qxd3 25. Qxg7+ Kxg7 26. Rxd3 Rxd4
27. Rxd4 Nxd4 28. b4 Rc8 29. Rd1 Kg6 30. h4 Kf5 31. Rxd4 Kxe5 32. Rg4 Rc4 33.
Rg7 Rxh4 34. Rxf7 Rxb4 35. g3 Rxa4 36. Rxb7 d4 37. Rh7 d3 38. Kf1 Ra1+ 39. Kg2
d2 40. Rd7 d1=Q 41. Rxd1 Rxd1 42. f4+ Kf5 43. Kh3 h5 44. Kh4 Rh1# 0-1

[Event "Championnat de France Poussins"]
[Site "CALVI"]
[Date "????.??.??"]
[Round "4.4"]
[White "Cornaton, Antoine"]
[Black "Gros, Alexandre"]
[Result "1/2-1/2"]
[WhiteElo "1500"]
[BlackElo "1680"]
[PlyCount "63"]
[EventDate "2005.??.??"]
[SourceDate "2005.04.17"]

1. e4 c5 2. Nc3 Nc6 3. g3 g6 4. Bg2 Bg7 5. d3 d6 6. Be3 Nf6 7. f3 O-O 8. Qd2
Be6 9. Bh6 a6 10. Nge2 Ne5 11. Bxg7 Kxg7 12. h4 h5 13. Nf4 Bd7 14. Nfd5 e6 15.
Nf4 Qb6 16. b3 Bc6 17. Qe2 Rh8 18. O-O Rae8 19. Bh3 d5 20. Qf2 d4 21. Nce2 Qa5
22. Qe1 Qxe1 23. Raxe1 b5 24. a3 Rd8 25. Bxe6 fxe6 26. Nxe6+ Kf7 27. Nxd8+ Rxd8
28. b4 c4 29. Kg2 c3 30. Kh3 Bd7+ 31. Kg2 Be6 32. Ra1 1/2-1/2

[Event "Championnat de France Poussins"]
[Site "CALVI"]
[Date "????.??.??"]
[Round "4.5"]
[White "Levacic, Adrien"]
[Black "Lemeille, Francois"]
[Result "0-1"]
[WhiteElo "1500"]
[BlackElo "1660"]
[PlyCount "62"]
[EventDate "2005.??.??"]
[SourceDate "2005.04.17"]

1. c4 e5 2. g3 f5 3. Bg2 Nf6 4. Nc3 Nc6 5. d3 Bb4 6. Bd2 O-O 7. Nf3 d6 8. a3
Bc5 9. b4 Bb6 10. O-O a5 11. b5 Ne7 12. Bg5 c6 13. bxc6 bxc6 14. Qb3 Kh8 15.
Rab1 Rb8 16. Qa2 Be6 17. Bxf6 Rxf6 18. Ng5 Bg8 19. Qd2 h6 20. Nf3 Bh7 21. Na4
e4 22. dxe4 fxe4 23. Nd4 e3 24. fxe3 Bxb1 25. Rxb1 Bxd4 26. Rxb8 Qxb8 27. Bf3
Be5 28. Qxa5 Nf5 29. Be4 Nxe3 30. Bf3 Bd4 31. Kf2 Nxc4+ 0-1

[Event "Championnat de France Poussines"]
[Site "CALVI"]
[Date "????.??.??"]
[Round "3.1"]
[White "Aflalo, Sophie"]
[Black "Rigolot, Lucie"]
[Result "0-1"]
[WhiteElo "1790"]
[BlackElo "1460"]
[PlyCount "61"]
[EventDate "2005.??.??"]
[SourceDate "2005.04.17"]

1. e4 c5 2. Nf3 d6 3. d4 cxd4 4. Nxd4 Nf6 5. Nc3 a6 6. Bc4 b5 7. Bb3 Bb7 8. f3
e6 9. Be3 Be7 10. Qe2 O-O 11. g4 h6 12. h4 Nfd7 13. Qh2 Nc6 14. Nde2 Nde5 15.
Qh3 Na5 16. O-O-O Nxb3+ 17. axb3 d5 18. f4 Ng6 19. g5 h5 20. Ng3 b4 21. Na4 Qc7
22. Nxh5 Rac8 23. Rh2 Bd6 24. e5 Be7 25. Ng3 Bc6 26. h5 Nxe5 27. fxe5 Qxe5 28.
Re2 Bxg5 29. Bxg5 Qxg5+ 30. Kb1 Bxa4 31. bxa4 {manque la fin} 0-1

[Event "Championnat de France Poussines"]
[Site "CALVI"]
[Date "????.??.??"]
[Round "3.2"]
[White "Feller, Alice"]
[Black "Eid, Maha"]
[Result "0-1"]
[WhiteElo "1440"]
[BlackElo "1640"]
[PlyCount "112"]
[EventDate "2005.??.??"]
[SourceDate "2005.04.17"]

1. c4 e6 2. Nc3 Nf6 3. g3 d5 4. b3 Be7 5. Bg2 O-O 6. Nf3 b6 7. O-O Bb7 8. d4
Nbd7 9. Bb2 c5 10. e3 cxd4 11. exd4 a6 12. a4 Rc8 13. Qd3 Ne4 14. Rfe1 Ndf6 15.
Ne5 Nxc3 16. Qxc3 a5 17. Qd3 dxc4 18. bxc4 Bxg2 19. Kxg2 Nd7 20. Qd1 Nxe5 21.
Rxe5 Rxc4 22. Qd3 Qc7 23. Rh5 h6 24. d5 Rd8 25. Be5 Qc5 26. Bb2 Rxd5 27. Rxd5
Qxd5+ 28. Qxd5 exd5 29. h3 Bf6 30. Bxf6 gxf6 31. Ra3 Kg7 32. Kf3 d4 33. Ke2
Rc2+ 34. Kd3 Rxf2 35. Kxd4 Rb2 36. Kc3 Rb4 37. Kc2 f5 38. Kd3 Kf6 39. Ke3 Ke5
40. Kf3 Re4 41. Re3 Kd4 42. Rb3 Kc5 43. Rb2 Rxa4 44. Rc2+ Rc4 45. Rb2 b5 46.
Ke3 b4 47. Kd3 Rc3+ 48. Kd2 Rxg3 49. h4 Rg2+ 50. Kc1 Rxb2 51. Kxb2 f4 52. Kb3
f3 53. Ka4 f2 54. Kxa5 f1=Q 55. Ka4 Qb1 56. Ka5 Qa1# 0-1

[Event "Championnat de France Poussines"]
[Site "CALVI"]
[Date "????.??.??"]
[Round "3.3"]
[White "Andre, Severine"]
[Black "Bertrand, Meryl"]
[Result "1-0"]
[WhiteElo "1610"]
[BlackElo "1420"]
[PlyCount "39"]
[EventDate "2005.??.??"]
[SourceDate "2005.04.17"]

1. e4 e5 2. f4 d6 3. Nf3 Nc6 4. Bc4 Nf6 5. d3 g6 6. O-O Bg7 7. Nc3 O-O 8. Be3
a6 9. Qd2 b5 10. Bb3 Re8 11. f5 gxf5 12. exf5 Bxf5 13. Bh6 Bxh6 14. Qxh6 e4 15.
dxe4 Bxe4 16. Ng5 Ne5 17. Ncxe4 Nxe4 18. Bxf7+ Nxf7 19. Qxh7+ Kf8 20. Qxf7# 1-0

[Event "Championnat de France Poussines"]
[Site "CALVI"]
[Date "????.??.??"]
[Round "3.4"]
[White "Stubbe, Alicia"]
[Black "Benkhelil, Ryane"]
[Result "0-1"]
[WhiteElo "1380"]
[BlackElo "1590"]
[PlyCount "74"]
[EventDate "2005.??.??"]
[SourceDate "2005.04.17"]

1. e4 e6 2. d4 d5 3. e5 c5 4. c3 Bd7 5. Be3 Qb6 6. b3 Nc6 7. f4 cxd4 8. cxd4
Bb4+ 9. Kf2 O-O-O 10. a3 Be7 11. Nc3 f6 12. Nf3 Nh6 13. Bd3 Ng4+ 14. Ke2 Nxe3
15. Kxe3 g5 16. g3 g4 17. Nh4 Qxd4+ 18. Kd2 fxe5 19. Qxg4 e4 20. Nb5 Qxd3+ 21.
Ke1 $11 Qxb5 22. Rb1 Nd4 23. b4 e5 24. Qh5 Bxh4 25. gxh4 Nc2+ 26. Kd1 Qd3+ 27.
Kc1 Nxa3 28. Rb2 Qc3+ 29. Kd1 Qxb2 30. Qe2 Qb1+ 31. Kd2 Qxh1 32. Ke3 d4+ 33.
Kf2 e3+ 34. Kg3 Rhg8+ 35. Qg4 Rxg4+ 36. Kh3 Rxf4+ 37. Kg3 Rg8# 0-1

[Event "Championnat de France Poussines"]
[Site "CALVI"]
[Date "????.??.??"]
[Round "3.5"]
[White "Griggio, Julie"]
[Black "Fischer, Julie"]
[Result "0-1"]
[WhiteElo "1460"]
[BlackElo "1390"]
[PlyCount "120"]
[EventDate "2005.??.??"]
[SourceDate "2005.04.17"]

1. e4 e5 2. Nf3 Nf6 3. Nc3 Nc6 4. d3 Bc5 5. h3 h6 6. Be2 d6 7. Bd2 Be6 8. O-O
O-O 9. a3 d5 10. Nxd5 Nxd5 11. exd5 Bxd5 12. Bc3 Qf6 13. b4 Bd6 14. Bb2 Rad8
15. c4 Be6 16. Qc2 Qg6 17. Kh1 Rfe8 18. Bc1 Bf5 19. Nh4 Qf6 20. Nxf5 Qxf5 21.
Bf3 Nd4 22. Qd1 Nxf3 23. Qxf3 Qg6 24. Rd1 e4 25. Qg4 Qxg4 26. hxg4 exd3 27. Be3
Be5 28. Rab1 Re7 29. g5 Re6 30. g3 Rg6 31. gxh6 gxh6 32. Bxa7 b6 33. c5 Ra8 34.
cxb6 cxb6 35. Bxb6 Rxb6 36. Rxd3 Rf6 37. Kg2 h5 38. Rd5 Bc7 39. Rb3 Bb6 40. f3
Rd8 41. Rxh5 Rd2+ 42. Kh3 Rd1 43. Rg5+ Kh7 44. a4 Kh6 45. Kg4 Rd4+ 46. f4 Kh7
47. Rb1 Rh6 48. a5 Bd8 49. Rf5 Rg6+ 50. Kf3 Rd3+ 51. Kf2 Rgxg3 52. Rh1+ Kg6 53.
Re5 Bf6 54. Reh5 Bd4+ 55. Ke2 Rde3+ 56. Kf2 Ra3+ 57. Ke2 Rg2+ 58. Kf1 Rb2 59.
Rg5+ Kf6 60. Rh6+ Ke7 0-1

[Event "Championnat de France Poussines"]
[Site "CALVI"]
[Date "????.??.??"]
[Round "4.1"]
[White "Eid, Maha"]
[Black "Monpeurt, Cyrielle"]
[Result "1-0"]
[WhiteElo "1640"]
[BlackElo "1460"]
[PlyCount "55"]
[EventDate "2005.??.??"]
[SourceDate "2005.04.17"]

1. d4 d5 2. Nf3 Nc6 3. Bf4 Bf5 4. c4 e6 5. e3 Bb4+ 6. Nc3 Nf6 7. a3 Bxc3+ 8.
bxc3 Ne4 9. Qb3 b6 10. cxd5 exd5 11. Bb5 Qd7 12. Ne5 Qe6 13. Bxc6+ Ke7 14. Bxa8
Rxa8 15. f3 Nd6 16. Nc6+ Kd7 17. Ne5+ Ke7 18. O-O f6 19. Ng4 g5 20. Bxd6+ cxd6
21. Rfe1 h5 22. Nf2 Kf7 23. e4 dxe4 24. Qxe6+ Kxe6 25. Nxe4 Kd5 26. Nxf6+ Kc4
27. Ne4 Re8 28. Nxd6+ 1-0

[Event "Championnat de France Poussines"]
[Site "CALVI"]
[Date "????.??.??"]
[Round "4.2"]
[White "Rigolot, Lucie"]
[Black "Andre, Severine"]
[Result "1-0"]
[WhiteElo "1460"]
[BlackElo "1610"]
[PlyCount "179"]
[EventDate "2005.??.??"]
[SourceDate "2005.04.17"]

1. e4 e6 2. d4 d5 3. Nd2 Nf6 4. e5 Nfd7 5. Bd3 c5 6. c3 Nc6 7. Ne2 Qb6 8. Nf3
f6 9. exf6 Nxf6 10. O-O Bd6 11. h3 Bd7 12. Re1 O-O-O 13. Ng5 Rdf8 14. Rb1 cxd4
15. cxd4 Nxd4 16. Nxd4 Qxd4 17. Be3 Qa4 18. Qxa4 Bxa4 19. Nxe6 Rf7 20. Bf5 Kb8
21. Bc5 Bxc5 22. Nxc5 Bd7 $11 23. Nxd7+ Nxd7 24. Be6 Re7 25. Bxd5 Rhe8 26. Rxe7
Rxe7 27. Rc1 Re2 28. Rb1 Kc7 29. b4 Kb6 30. a4 Nf6 31. Bc4 Rc2 32. a5+ Kc6 33.
b5+ Kc5 34. Bd3 Ra2 35. a6 b6 36. Rc1+ Kd4 37. Bf1 Ne4 38. Rc4+ Ke5 39. f3 Nd2
40. Rc7 Ra1 41. Rxa7 Rxf1+ 42. Kh2 Kf6 43. Rb7 Nc4 44. a7 Ra1 45. Rc7 Ne5 46.
f4 Ng6 47. Rc6+ Kf5 48. Rxb6 Rxa7 49. Rb8 Ra2 50. b6 Rb2 51. Rb7 Nxf4 52. Rxg7
Rxb6 53. Rxh7 Rg6 54. g4+ Kg5 55. Kg3 Ne2+ 56. Kf3 Nd4+ 57. Kg2 Ne6 58. Kg3 Nf4
59. h4+ Kf6 60. Kxf4 Ke6 61. h5 Rf6+ 62. Ke4 Rf1 63. Rh6+ Kf7 64. g5 Re1+ 65.
Kf3 Rf1+ 66. Ke2 Rg1 67. Rf6+ Ke7 68. Rg6 Rh1 69. h6 Kf7 70. Rg7+ Kf8 71. Kf2
Rh5 72. Kg3 Rh1 73. Kg4 Rg1+ 74. Kh5 Rh1+ 75. Kg6 Rf1 76. h7 Rh1 77. Rg8+ Ke7
78. h8=Q Rxh8 79. Rxh8 Ke6 80. Re8+ Kd7 81. Kf7 Kd6 82. g6 Kd5 83. g7 Kd4 84.
g8=Q Kc3 85. Qg3+ Kd4 86. Qd6+ Kc4 87. Rc8+ Kb5 88. Qc6+ Kb4 89. Qb7+ Ka5 90.
Ra8# 1-0

[Event "Championnat de France Poussines"]
[Site "CALVI"]
[Date "????.??.??"]
[Round "4.3"]
[White "Benkhelil, Ryane"]
[Black "Fischer, Julie"]
[Result "1-0"]
[WhiteElo "1590"]
[BlackElo "1390"]
[PlyCount "23"]
[EventDate "2005.??.??"]
[SourceDate "2005.04.17"]

1. e4 e5 2. Nf3 Nf6 3. Nc3 Bb4 4. d4 exd4 5. Nxd4 Nxe4 6. Bd2 Qe7 7. Qe2 Nxc3
8. Qxe7+ Bxe7 9. Bxc3 O-O 10. Bd3 Nc6 11. Nf5 g6 12. Nh6# 1-0

[Event "Championnat de France Poussines"]
[Site "CALVI"]
[Date "????.??.??"]
[Round "4.4"]
[White "Navez, Flore"]
[Black "Aflalo, Sophie"]
[Result "0-1"]
[WhiteElo "1350"]
[BlackElo "1790"]
[PlyCount "76"]
[EventDate "2005.??.??"]
[SourceDate "2005.04.17"]

1. d4 Nf6 2. Nf3 g6 3. c4 Bg7 4. e3 d6 5. Nc3 Nbd7 6. Bd3 c5 7. O-O b6 8. b3
Bb7 9. Bb2 a6 10. h3 Qc7 11. Be2 O-O 12. Qc2 Rfe8 13. d5 Bc8 14. Rfe1 Nf8 15.
Bd3 e6 16. e4 Nh5 17. Qd2 e5 18. Rab1 Bd7 19. Rbd1 Nf4 20. Ne2 Nh5 21. a3 Qc8
22. Kh1 b5 23. Rc1 Rb8 24. Bc3 Nf6 25. Rb1 h6 26. Rec1 g5 27. g4 Ng6 28. Ng3
Kh7 29. Rg1 Rh8 30. Nf5 Bxf5 31. gxf5 Nf4 32. h4 g4 33. Ne1 h5 34. f3 Bh6 35.
Qf2 Nh3 36. Qg3 Bf4 37. Qxf4 Nxf4 38. fxg4 Nxg4 0-1